| 000 | 00711nam a22001817a 4500 | ||
|---|---|---|---|
| 999 |
_c14939 _d14939 |
||
| 003 | OSt | ||
| 082 | _2631.3 MAN/ER | ||
| 088 | _aP 229 | ||
| 100 |
_aMANOJ THOMAS _aNANDAKUMARAN UNNY M _aSREERAG P.M _93569 |
||
| 245 | _aErgonomic evaluation of coconut climbers and refinement of tnau climber | ||
| 260 |
_aTavanur 2011 _bKelappaji College of Agricultural Engineering and Technology |
||
| 300 | _a52 | ||
| 500 | _aErgonomic evaluation of coconut climbers and refinement of tnau climber | ||
| 520 | _aErgonomic evaluation of coconut climbers and refinement of tnau climber | ||
| 700 |
_aDr. Jayan P.R (Guide) _93380 |
||
| 856 | _uhttps://drive.google.com/open?id=1j7sEV6wa5p5jC_gmFx6J5NPrnXM_WCLD | ||
| 942 | _cPR | ||